| 000 | 00661nam a2200253Ia 4500 | ||
|---|---|---|---|
| 008 | 170711s9999 xx 000 0 und d | ||
| 020 | _a9789719930112 | ||
| 050 | _a794.1 | ||
| 050 | _bR813 2003 | ||
| 100 | _aRosen, Bernd | ||
| 245 | _aChess endgame training : | ||
| 245 | _ban experienced coach guides you through a practical training course / | ||
| 245 | _cby Bernd Rosen. | ||
| 260 | _aUK : | ||
| 260 | _bGambit, | ||
| 260 | _c2003 | ||
| 300 | _a175 pages : | ||
| 300 | _billustrations ; | ||
| 300 | _c21cm. | ||
| 500 | _aIncludes bibliographical reference and index. | ||
| 650 | _aChess -- | ||
| 650 | _xEnd games. | ||
| 700 | _aTitle. | ||
| 999 |
_c339736 _d339736 |
||